<?xml version='1.0' encoding='UTF-8'?>
  <record xmlns="http://www.loc.gov/MARC21/slim">
    <leader>00000cam a22000007i 4500</leader>
    <controlfield tag="001">ocm68013596</controlfield>
    <controlfield tag="003">OCoLC</controlfield>
    <controlfield tag="005">20250115081019.8</controlfield>
    <controlfield tag="008">980629s1587    sz            000 0 ger d</controlfield>
    <datafield tag="040" ind1=" " ind2=" ">
      <subfield code="a">NLGGC</subfield>
      <subfield code="b">eng</subfield>
      <subfield code="e">rda</subfield>
      <subfield code="e">dcrmr</subfield>
      <subfield code="c">NLGGC</subfield>
      <subfield code="d">QGJ</subfield>
      <subfield code="d">OCLCA</subfield>
      <subfield code="d">OCLCL</subfield>
      <subfield code="d">OCLCA</subfield>
      <subfield code="d">QGJ</subfield>
    </datafield>
    <datafield tag="029" ind1="0" ind2=" ">
      <subfield code="a">NLGGC</subfield>
      <subfield code="b">170727408</subfield>
    </datafield>
    <datafield tag="035" ind1=" " ind2=" ">
      <subfield code="a">(OCoLC)68013596</subfield>
    </datafield>
    <datafield tag="041" ind1="1" ind2=" ">
      <subfield code="a">ger</subfield>
      <subfield code="h">lat</subfield>
    </datafield>
    <datafield tag="100" ind1="1" ind2=" ">
      <subfield code="a">Gentillet, Innocent,</subfield>
      <subfield code="d">approximately 1535-1588,</subfield>
      <subfield code="e">author.</subfield>
      <subfield code="4">aut</subfield>
      <subfield code="1">https://id.oclc.org/worldcat/entity/E39PBJxRyWcq6MGbwB7fjcBQMP</subfield>
    </datafield>
    <datafield tag="240" ind1="1" ind2="0">
      <subfield code="a">Examen Concilii Tridentini.</subfield>
      <subfield code="l">German</subfield>
    </datafield>
    <datafield tag="245" ind1="1" ind2="0">
      <subfield code="a">Examen, das ist, Ergründunge vnd widerlegunge Des Tridentinischen Conciliums :</subfield>
      <subfield code="b">Darinnen alte Kirchen Historien, sampt die Lehr der alten Vättern vnd Bischöffen, darzu der vhralten Allgemeinen Concilien der ersten Christlichen Kirchen, Auch des Geistlichen vn[d] Keyserlichen Rechtens Constitutionen, Decret, Canonen vnd Satzunge gegen erstgemeldtem Concilio von Wort zu Wort gesetzt werden, Darauss, Gründtlich zusehen ist, wie des Tridentinischen Conciliums Decret, Canonen vn[d] Satzunge allen alten Kirchen Historien vn[d] Lehrern, Auch den Allgemeinen Concilien der ersten Christlichen Kirchen, Sampt hoher Königlicher Majestäth, vnd aller Christlichen Oberkeiten, Würdigkeite gantz vnd gar zu wider vnd verletzlich seye. /</subfield>
      <subfield code="c">Erstlich, Durch den Hochgelehrten Herrn Innocentium Gentilletum, eynen Frantzosen in Lateinischer Spraache beschrieben, mit anzeigunge der vrsachen dieser jetztschwebenden Kriegsempörungen in Franckreich. jetzt newlich aber, Durch Nicolaum Hönigern von Tauberkönigshofen, der reinen vnd wahren Christlichen Religion stvdiosvm, mit sonderm Fleiss vnd Muhe auß Lateinischer Spraache in die Teutsche gebracht, vnd zuuorhin nie im Truck aussgegangen.</subfield>
    </datafield>
    <datafield tag="246" ind1="3" ind2=" ">
      <subfield code="a">Examen, das ist, Ergründunge und widerlegunge des Tridentinischen Conciliums</subfield>
    </datafield>
    <datafield tag="246" ind1="1" ind2="7">
      <subfield code="a">Examen des Tridentinischen Conciliums</subfield>
    </datafield>
    <datafield tag="264" ind1=" " ind2="1">
      <subfield code="a">Getruckt zu Basel, :</subfield>
      <subfield code="b">durch Hulderichum Frölich,</subfield>
      <subfield code="c">Anno Domini M.D.LXXXVII. [1587]</subfield>
    </datafield>
    <datafield tag="300" ind1=" " ind2=" ">
      <subfield code="a">[16] leaves, dclxxij [that is, 672] pages ;</subfield>
      <subfield code="c">20 cm (4to)</subfield>
    </datafield>
    <datafield tag="336" ind1=" " ind2=" ">
      <subfield code="a">text</subfield>
      <subfield code="b">txt</subfield>
      <subfield code="2">rdacontent</subfield>
    </datafield>
    <datafield tag="337" ind1=" " ind2=" ">
      <subfield code="a">unmediated</subfield>
      <subfield code="b">n</subfield>
      <subfield code="2">rdamedia</subfield>
    </datafield>
    <datafield tag="338" ind1=" " ind2=" ">
      <subfield code="a">volume</subfield>
      <subfield code="b">nc</subfield>
      <subfield code="2">rdacarrier</subfield>
    </datafield>
    <datafield tag="340" ind1=" " ind2=" ">
      <subfield code="m">4to</subfield>
      <subfield code="2">rdabf</subfield>
    </datafield>
    <datafield tag="500" ind1=" " ind2=" ">
      <subfield code="a">Place of publication and printer's name taken from colophon, which reads: Getruckt zu Basel, durch Hulderichum Frölich, Anno à Christo nato, M.D.XIIIC.</subfield>
    </datafield>
    <datafield tag="500" ind1=" " ind2=" ">
      <subfield code="a">Signatures: [alpha]-[delta]⁴, A-Z⁴ Aa-Zz⁴ AA-ZZ⁴ Aaa-Ppp⁴ ([delta]4 is blank).</subfield>
    </datafield>
    <datafield tag="500" ind1=" " ind2=" ">
      <subfield code="a">With woodcut initials, head-pieces, tail-pieces and printed marginalia.</subfield>
    </datafield>
    <datafield tag="510" ind1="4" ind2=" ">
      <subfield code="a">Verzeichnis der im deutschen Sprachbereich erschienenen Drucke des 16. Jahrhunderts (VD 16),</subfield>
      <subfield code="c">G 1305</subfield>
      <subfield code="u">https://gateway-bayern.de/VD16+G+1305</subfield>
    </datafield>
    <datafield tag="611" ind1="2" ind2="0">
      <subfield code="a">Council of Trent</subfield>
      <subfield code="d">(1545-1563 :</subfield>
      <subfield code="c">Trento, Italy)</subfield>
    </datafield>
    <datafield tag="611" ind1="2" ind2="7">
      <subfield code="a">Council of Trent</subfield>
      <subfield code="2">fast</subfield>
    </datafield>
    <datafield tag="700" ind1="1" ind2=" ">
      <subfield code="a">Höniger, Nikolaus,</subfield>
      <subfield code="d">1548-1598,</subfield>
      <subfield code="e">translator.</subfield>
      <subfield code="4">trl</subfield>
      <subfield code="1">https://id.oclc.org/worldcat/entity/E39PBJyMbdMg7drtpdHDkwQKBP</subfield>
    </datafield>
    <datafield tag="700" ind1="1" ind2=" ">
      <subfield code="a">Beck, Johann,</subfield>
      <subfield code="d">1543-1601,</subfield>
      <subfield code="e">dedicatee.</subfield>
      <subfield code="4">dte</subfield>
      <subfield code="1">https://id.oclc.org/worldcat/entity/E39PCjJtDKJYbVBB9Rgbcv3c8y</subfield>
    </datafield>
    <datafield tag="700" ind1="0" ind2=" ">
      <subfield code="a">Ernst Friedrich von Baden-Durlach,</subfield>
      <subfield code="d">1560-1604,</subfield>
      <subfield code="e">dedicatee</subfield>
      <subfield code="4">dte</subfield>
    </datafield>
    <datafield tag="700" ind1="0" ind2=" ">
      <subfield code="a">Jakob</subfield>
      <subfield code="b">III,</subfield>
      <subfield code="c">Margrave of Baden-Hachberg,</subfield>
      <subfield code="d">1562-1590,</subfield>
      <subfield code="e">dedicatee.</subfield>
      <subfield code="4">dte</subfield>
      <subfield code="1">https://id.oclc.org/worldcat/entity/E39PCjrxt7r9HxFRxkGckjhkfy</subfield>
    </datafield>
    <datafield tag="700" ind1="0" ind2=" ">
      <subfield code="a">Ernest Frederick</subfield>
      <subfield code="c">Margrave of Baden-Durlach,</subfield>
      <subfield code="d">1560-1604,</subfield>
      <subfield code="e">dedicatee.</subfield>
      <subfield code="4">dte</subfield>
    </datafield>
    <datafield tag="700" ind1="1" ind2=" ">
      <subfield code="a">Froelich, Hulderich,</subfield>
      <subfield code="e">printer.</subfield>
      <subfield code="4">prt</subfield>
      <subfield code="1">https://id.oclc.org/worldcat/entity/E39PCjwHWp6mxfKTvmW7Tv6GDy</subfield>
    </datafield>
    <datafield tag="752" ind1=" " ind2=" ">
      <subfield code="a">Switzerland</subfield>
      <subfield code="d">Basel.</subfield>
      <subfield code="e">publication place.</subfield>
      <subfield code="4">pup</subfield>
    </datafield>
    <datafield tag="758" ind1=" " ind2=" ">
      <subfield code="i">has work:</subfield>
      <subfield code="a">Examen, das ist, Ergründunge vnd widerlegunge Des Tridentinischen Conciliums (Text)</subfield>
      <subfield code="1">https://id.oclc.org/worldcat/entity/E39PCFrM3xM6R9bHMD9fDDx343</subfield>
      <subfield code="4">https://id.oclc.org/worldcat/ontology/hasWork</subfield>
    </datafield>
  </record>